000 00685nam a2200253Ia 4500
003 OSt
005 20221006142950.0
006 a|||||r|||| 00| 0
007 ta
008 221006b |||||||| |||| 00| 0 eng d
020 _a0521203872
_cP10.95
024 _a7,656
037 _cTextual
040 _aEASL
_cEASL
_beng
041 _2eng
_aeng
082 _aV42,3.N7, L4-;1
100 _aBAERWALD Hans H
_9582349
245 0 _aJapan's parliament
_b An introduction
260 _aCambridge
_bCambridge University Press
_c1974
300 _a156p.
_ccm.
490 _v JEL
942 _hV42,3.N7, L4-;1
_cTEXL
_2CC
999 _c1075742
_d1075742